Central Library and Information Centre
Sibsagar Girls' College, Sivasagar : Assam

PRACTICAL BIOLOGY (Record no. 9634)

MARC details
000 -LEADER
fixed length control field 00410cam a2200181ua 4500
008 - FIXED-LENGTH DATA ELEMENTS--GENERAL INFORMATION
fixed length control field 120105n1999 II |||gr||||Z||||||eng
040 ## - CATALOGING SOURCE
Original cataloging agency MAIN
041 ## - LANGUAGE CODE
-- English
082 ## - DEWEY DECIMAL CLASSIFICATION NUMBER
Classification number 570 BOR
100 ## - MAIN ENTRY--PERSONAL NAME
Personal name BORAH, D.
245 ## - TITLE STATEMENT
Title PRACTICAL BIOLOGY
260 ## - PUBLICATION, DISTRIBUTION, ETC.
Place of publication, distribution, etc. NEW DELHI
Name of publisher, distributor, etc. S.CHAND & COMPANY
Date of publication, distribution, etc. 1999
300 ## - PHYSICAL DESCRIPTION
Extent 82.
700 ## - ADDED ENTRY--PERSONAL NAME
Personal name RAJKHOWA, R. C.
942 ## - ADDED ENTRY ELEMENTS (KOHA)
Koha item type Books
653 ## - INDEX TERM--UNCONTROLLED
Uncontrolled term Life sciences biology
Holdings
Withdrawn status Lost status Damaged status Not for loan Collection code Home library Current library Shelving location Date acquired Full call number Barcode Date last seen Copy number Price effective from Koha item type Public note
        TBZOO Central Library and Information Centre Sibsagar Girls College Central Library and Information Centre Sibsagar Girls College ZOOLOGY BOOK RACK 21.07.2000 570 BOR 16624 27.02.2020 1 27.02.2020 Books V


Sibsagar Girl's College © 2020. All rights reserved.
Powered by Koha.
Maintained by Abhijit Borpuzari.